Names in the Bible that start with 'C' - Statistics

General Stats
  • This quiz has been taken 57 times
  • The average score is 2 of 15
Answer Stats
Answer % Correct
Cain
77%
Caleb
48%
Caesar
21%
Cyrus
20%
Chloe
14%
Cornelius
13%
Candace
2%
Carmel
2%
Cephas
2%
Chilion
2%
Chuza
2%
Cleophas
2%
Cabbon
0%
Clement
0%
Coniah
0%
No matching quizzes found
Score Distribution
Percent of People with Each Score
Percentile by Number Answered
Your Score History
You have not taken this quiz